000 00780nas a2200253 4500
001 BR9605443
003 BR-BrBNA
005 20231205095404.0
007 ta
008 230509b bl.|||p| |||| 00| 00por d
040 _aBR-BrBNA
_bpor
_cBiblioteca Nacional de Agricultura
041 _a(Pt)
072 _aH20
100 1 _aRussomanno, O.M.R.
100 1 _aCoutinho, L.N.
100 1 _aPimentel, C.P.V.
100 1 _aFigueiredo, M.B.
245 1 _aPreservacao da patogenicidade de culturas de Verticillium dahliae conservadas em agua destilada
650 _aFungo
650 _aBiologia
773 0 _tSumma Phytopathologica (Brazil)
_xISSN 0100-5405
_g(Apr-Jun 1995), v. 21(2) p. 178-181
_wBR9605443
909 _a202311
_bLúcia
_c55
_dLúcia Elande
942 _2AGRIS
_n0
_cANA
999 _c150383
_d150383